000 00633nam a2200193 i 4500
001 40525
003 ES-MaACL
005 20230906160238.0
007 t|
008 030306s1937 xxu ||||1| eng d
080 _a946"1936/1939"
100 1 _aCardoso, Harold G.
_935200
245 1 4 _aThe march of a nation :
_bmy year of Spain's civil war /
_cby Harold G. Cardoso.
250 _a1st. ed.
260 _aNew York :
_bRobert M. Mac Bride,
_c1937 (
_fEyre and Spottiswoode)
300 _aVIII, 315 p., 1 lám. pleg. :
_bil. ;
_c22 cm.
651 4 _aEspaña-
_xHistoria-
_y1936-1939, Guerra civil.
_98292
852 4 _aES-MaACL
_jB-1592
999 _c40525
_d40525